Životopis Fridricha Engelsa

Bibliographic Details
Main Author: Ježek, Alexandr (Author)
Format: Article
Language:Slovak
Subjects:

MARC

LEADER 00000nab a2200000 a 4500
001 vtls000150343
003 SK-MaSNL
005 20260303073007.0
008 111104c1983 xo 0 slo
015 |a SNBRB19rr/mm-uuuuu 
035 |a CL0160450 
040 |a SNKBUCL  |b slo  |c SNKBUCL  |e AACR2 
041 0 |a slo 
044 |a xo  |c SK 
080 |a 1 100.122  |2 1981 
080 |a 929 Engels, Friedrich  |2 1981 
100 1 |a Ježek, Alexandr  |4 aut  |9 5632 
245 1 0 |a Životopis Fridricha Engelsa  |c Alexander Ježek ; H. Gemkov 
600 1 7 |a Engels, Friedrich,  |d 1820-1895  |2 snkbucl  |9 102766 
655 7 |a články z novín a časopisov  |2 snkbucl  |9 267496 
773 0 |t Život strany  |g Č. 7 (1983), s. 54 
787 0 8 |i Rec.:  |a Gemkov, H.  |t Bedřich Engels  |d Praha : Svoboda, 1982 
850 |a Slovenská národná knižnica v Martine  |a MTA001 
852 |a SNK  |b KIS3GCP 
958 |a RK 
992 |a RBX 
999 |c 1765813  |d 1767743